El hombre aproximativo.
Salvato in:
| Autore principale: | |
|---|---|
| Altri autori: | |
| Natura: | Sconosciuto |
| Lingua: | inglese |
| Pubblicazione: |
Madrid, España:
Visor Libros,
2001.
|
| Edizione: | 2a. edición. |
| Serie: | Visor de Poesía,
|
| Soggetti: | |
| Tags: |
Aggiungi Tag
Nessun Tag, puoi essere il primo ad aggiungerne!!
|
MARC
| LEADER | 00000 a2200000 4500 | ||
|---|---|---|---|
| 003 | CL-VaPUC | ||
| 005 | 20230607091412.0 | ||
| 008 | 230530t2001 ||||| |||| 00| 0 eng d | ||
| 999 | |c 440773 |d 440771 | ||
| 020 | |a 84-7522-055-X | ||
| 040 | |c Pontificia Universidad Católica de Valparaíso | ||
| 082 | |2 22 |a 859.01 TZA 2001 | ||
| 100 | |9 302028 |a Tzará, Tristán |e autor | ||
| 245 | |a El hombre aproximativo. | ||
| 250 | |a 2a. edición. | ||
| 260 | |a Madrid, España: |b Visor Libros, |c 2001. | ||
| 300 | |a 149 páginas. | ||
| 490 | |a Visor de Poesía, |n LV. | ||
| 583 | |k Catalogador Asistente |c 20230530 | ||
| 650 | 0 | |9 267182 |a Poesías rumanas |y Siglo 20 | |
| 650 | 0 | |9 419058 |a Literatura rumana |x Poemas |y Siglo 20 | |
| 700 | |9 882679 |a Millán, Fernando |e prólogo |e traducción | ||
| 942 | |2 ddc |c BK | ||
| 952 | |0 0 |1 0 |2 ddc |4 0 |6 859_010000000000000_TZA_2001 |7 0 |8 A |9 590213 |a BIBART |b BIBART |c GEN |d 2023-05-26 |e 181 |g 11800.00 |i 5657558 |l 1 |m 2 |o 859.01 TZA 2001 |p 5657558 |r 2025-03-13 |s 2024-11-08 |t 1 |v 11800.00 |w 2023-05-26 |y BK |k ART | ||